000 03307nam a22002537a 4500
008 250513b |||||||| |||| 00| 0 eng d
020 _a9788403524361
040 _ctbs
041 _aspa
050 _aQ173
_b.M962 2019
100 _aMunroe, Randall
_925206
_eauthor
240 _aHow to
_lSpanish.
245 _aInstrucciones para
_b: resolver problemas cotidianos con soluciones absurdas y científicas
_c/ Randall Munroe ; translated by Alfredo Blanco.
260 _aBarcelona :
_bPenguin Random House Grupo Editorial,
_c2024.
300 _a319 pages :
_billustrations (black and white) ;
_c23 cm.
520 _aPara cualquier tarea que puedas querer realizar, existe una forma correcta, una forma incorrecta y una forma tan monumentalmente compleja, excesiva e inadmisible que nadie en su sano juicio la intentaría. Munroe ha creado una guía para este tercer tipo de enfoque. Ofrece consejos altamente poco prácticos para todo, desde aterrizar un avión hasta cavar un hoyo. El caricaturista Randall Munroe (xkcd) explica cómo predecir el clima analizando los píxeles de tus fotos en Facebook. Te enseña cómo saber si eres un baby boomer o un niño de los 90 midiendo la radiactividad de tus dientes. Ofrece consejos para tomarte una selfie con un telescopio, cruzar un río hirviéndolo y alimentar tu casa destruyendo el tejido del espacio-tiempo. Y si quieres deshacerte del libro cuando termines de leerlo, te guía a través de las opciones para su eliminación adecuada, incluyendo disolverlo en el océano, convertirlo en vapor, usar placas tectónicas para subducirlo en el manto terrestre o lanzarlo al Sol. Al explorar las formas más complicadas de hacer tareas simples, Munroe nos invita a adentrarnos en los rincones más absurdos de lo posible y nos ayuda a entender mejor la ciencia y la tecnología que sustentan las cosas que hacemos todos los días.
520 _aFor any task you might want to do, there's a right way, a wrong way, and a way so monumentally complex, excessive, and inadvisable that no one would ever try it. Munroe has created a guide to the third kind of approach. He provides highly impractical advice for everything from landing a plane to digging a hole. Cartoonist Randall Munroe (xkcd) explains how to predict the weather by analyzing the pixels of your Facebook photos. He teaches you how to tell if you're a baby boomer or a 90's kid by measuring the radioactivity of your teeth. He offers tips for taking a selfie with a telescope, crossing a river by boiling it, and powering your house by destroying the fabric of space-time. And if you want to get rid of the book once you're done with it, he walks you through your options for proper disposal, including dissolving it in the ocean, converting it to a vapor, using tectonic plates to subduct it into the Earth's mantle, or launching it into the Sun. By exploring the most complicated ways to do simple tasks, Munroe invites us to explore the most absurd reaches of the possible and helps us better understand the science and technology underlying the things we do every day.
650 0 _aScience
_xMiscellanea
_923116
650 0 _aProblem solving
_98435
655 0 _aSelf-help publications
_923836
655 0 _aHumor
_925207
700 _aBlanco, Alfredo
_925208
_etranslator
942 _2lcc
999 _c4655
_d4655